000 00760nam a2200253Ia 4500
003 OSt
005 20220926044153.0
006 a|||||r|||| 00| 0
007 ta
008 220923b |||||||| |||| 00| 0 eng d
037 _cGeneral Book
040 _aRTL
_cRTL
_beng
041 _2eng
_aeng
082 _aY15.2.N7, L5
110 _aShreemati Nathibai Damodar Thackersey Women's University (Bombay)
_9348609
245 0 _aWomen in India
_b A handbook
260 _c1975
300 _a84p
_ccm.
490 _aIts, Research Unit on Women's Studies
650 _aWoman Sociology
700 _aShreemati Nathibai Damodar Thackersey Women's University (Bombay)
_9348610
942 _hY15.2.N7, L5
_cGB
_2CC
999 _c674141
_d674141